000 00596nam a2200205 a 4500
001 65750
003 BD-RjUL
005 20211209081447.0
008 170311s1949 ii a|||| ||| 000 0 eng d
035 _a(BD-RjUL)65880
040 _aBD-RjUL
_beng
_cBD-RjUL
041 _aeng
082 _223
_a891.3708
_bBAI 1949
100 _aBarua, Beni Madhav
_9194441
245 1 0 _aIntermediate Pali Selections /
_cBeni Madhav Barua.
260 _aCalcutta :
_bUniversity of Calcutta,
_c1949.
300 _aiii, 150 p. :
_bill. ;
_c24 cm.
650 _aPali lIterature
_xCollections
_9194442
942 _2ddc
_cBK
999 _c65750
_d65750